[Event "Netanya International GM 2019"]
[Site "Netanya"]
[Date "2019.06.25"]
[Round "3.1"]
[White "Smirin, Ilia"]
[Black "Postny, Evgeny"]
[Result "1-0"]
[WhiteElo "2594"]
[BlackElo "2601"]
[Annotator "TA"]
[PlyCount "101"]
[EventDate "2019.06.23"]
[EventType "tourn"]
[EventCountry "ISR"]
[SourceTitle "playchess.com"]
[Source "ChessBase"]
[SourceQuality "1"]

{[%evp 14,101,17,21,20,14,25,19,41,23,55,48,64,57,60,48,68,72,134,104,104,104,117,124,104,108,110,108,88,60,82,86,117,14,27,35,22,0,14,0,0,0,17,12,12,0,41,39,60,20,22,24,130,137,134,136,175,54,324,324,285,160,241,241,253,233,207,217,430,430,574,576,503,494,924,924,780,659,958,958,957,921,902,950,942,822,865,793,29981,29980]} 1. e4 c6 2. d4 d5 3. e5 Bf5 4. Nf3 e6 5. Be2 Ne7 6. c3 Nd7 7. O-O c5 8. dxc5 Nxc5 {B12: Caro-Kann: Advance Variation} 9. Nd4 Bg6 10. Be3 a6 {The position is equal.} (10... Nd7 11. f4 Nf5 12. Bf2 Be7 13. Nd2 Nxd4 14. Bxd4 O-O 15. Nb3 b6 16. Bg4 {½-½ (73) Karjakin,S (2753)-Mamedyarov,S (2817) Kolkata 2018}) 11. f4 $146 ({Predecessor:} 11. Nd2 Qc7 12. c4 Qxe5 13. b4 Nd7 14. b5 axb5 15. N2f3 Qb8 16. Nxb5 {1-0 (84) Papenin,N (2616)-Starke,R (2666) ICCF email 2010}) 11... Nf5 12. Nxf5 Bxf5 13. g4 Bxb1 14. Rxb1 Qc7 15. Rc1 g5 ({Better is} 15... Nd7) 16. b4 Nd7 17. c4 d4 18. Qxd4 gxf4 19. Qxf4 Nxe5 20. Rfd1 Rc8 21. c5 Rg8 22. h3 Be7 23. b5 (23. Qf2 $16) 23... axb5 24. Bxb5+ Nc6 25. Qf3 h5 26. Bf4 hxg4 27. hxg4 Qa5 28. a4 {With the idea Kf1.} Qb4 29. Kf1 Qb2 30. Rb1 Qf6 $1 31. Ke2 (31. a5 $5 Kf8 32. Bxc6 (32. a6 $2 Ne5 $19) 32... bxc6 33. Ke2 $11) 31... Kf8 32. Bxc6 bxc6 (32... Rxc6 $11 {remains equal.} 33. Rxb7 (33. Bd6 Qxf3+ 34. Kxf3 Bxd6 $14) 33... e5) 33. Rb7 $16 {Strongly threatening Rxe7!} e5 34. Be3 $1 Qe6 {...Qc4+ is the strong threat.} 35. Qf5 $40 {[%mdl 128] White mounts an attack.} ({White must play} 35. Rdd7 $18 Qc4+ 36. Ke1 Bh4+ 37. Kd2 Rxg4 38. Qxf7+ Qxf7 39. Rxf7+ Kg8 40. a5) 35... Rxg4 $2 {[%mdl 8192]} (35... Qxf5 $1 $14 36. gxf5 Rd8) 36. Qxe6 $18 fxe6 {[#]} 37. Rdd7 (37. a5 $1 $18) 37... Re8 {[#]} (37... Bd8 $16 {keeps fighting.} 38. Rd6 Re4) 38. a5 $1 {[%mdl 1024] White has strong compensation.} Ra4 39. Bh6+ Kf7 40. Bg5 $1 {[%cal Rd7e7]} Ra2+ $2 (40... Rh8 {was worth a try.} 41. Rxe7+ Kg6 42. Rg7+ (42. Rxe6+ Kxg5 43. Rxe5+ Kf6 $11) 42... Kf5) 41. Ke3 Rg8 42. Rxe7+ Kg6 43. Bh4 Ra3+ (43... Rxa5 $142 44. Rxe6+ {[%mdl 64] Double Attack} Kf5) 44. Ke4 Ra4+ 45. Kxe5 Rxh4 46. Rxe6+ {KRR-KRR} Kg5 47. a6 {[%cal Ba5a6,Ba6a7][%mdl 32]} Ra4 48. a7 Kg4 49. Kd6 Rd8+ 50. Kxc6 Ra6+ 51. Kc7 {[%mdl 64] Discovered Attack. Accuracy: White = 47%, Black = 37%.} 1-0

[Event "Netanya International GM 2019"]
[Site "Netanya"]
[Date "2019.06.25"]
[Round "3.2"]
[White "Rodshtein, Maxim"]
[Black "Gelfand, Boris"]
[Result "1/2-1/2"]
[WhiteElo "2685"]
[BlackElo "2676"]
[Annotator "TA"]
[PlyCount "126"]
[EventDate "2019.06.23"]
[EventType "tourn"]
[EventCountry "ISR"]
[SourceTitle "playchess.com"]
[Source "ChessBase"]
[SourceQuality "1"]

{[%evp 9,126,2,14,0,9,-1,8,0,0,0,0,4,4,0,8,8,8,0,8,4,8,0,32,0,0,0,5,9,9,0,0,0,0,14,0,0,26,27,64,43,61,55,78,57,57,67,101,101,101,101,102,101,101,101,105,83,104,110,108,105,112,70,130,127,120,126,121,112,116,97,83,93,122,129,125,122,133,93,93,106,154,154,154,154,154,140,140,140,158,115,190,190,190,140,158,140,147,97,97,97,97,97,97,59,59,59,97,59,59,69,97,8,159,159,161,71,5119,8,59]} 1. c4 c5 2. g3 g6 3. Bg2 Bg7 4. Nc3 Nc6 5. d3 d6 6. a3 {A36: Symmetrical English vs ...g6: 4 Bg2 Bg7} e6 7. Rb1 Nge7 8. h4 h6 9. Bd2 b6 10. b4 {b5 is the strong threat.} Rb8 $146 ({Predecessor:} 10... Bb7 11. Qc1 Qd7 12. Kf1 Ne5 13. bxc5 Bxg2+ 14. Kxg2 dxc5 {0-1 (46) Brodowski,P (2444)-Alekseev,E (2632) Tallinn 2016}) 11. Nf3 Bb7 12. O-O Qd7 13. e3 O-O 14. Qa4 Rfd8 15. Rfd1 Ba8 16. Be1 Ne5 17. Nxe5 Qxa4 18. Nxa4 Bxe5 19. Bxa8 Rxa8 20. Kf1 Rac8 21. Ke2 Bg7 22. Nc3 d5 23. bxc5 Rxc5 24. Nb5 $1 dxc4 25. d4 Rcc8 26. Nxa7 Ra8 27. Nb5 Bf8 28. Rdc1 Nd5 29. Rxc4 Bxa3 30. e4 Nf6 31. Nxa3 Rxa3 {[#]} 32. f3 $1 Ra2+ 33. Ke3 Rb8 34. Bb4 b5 35. Bd6 Rd8 ({Black should play} 35... Ra6 $14 36. Rc6 (36. Bxb8 bxc4 37. Rc1 Ra3+ 38. Ke2 Ra2+ 39. Ke1 Ra4 $16) 36... Rxc6 37. Bxb8 g5) 36. Rc6 $16 Ne8 37. Bc5 Rb8 38. Kf4 Rc2 39. Rb6 Rxb6 40. Bxb6 {[%mdl 4096] Endgame KRB-KRN} Nd6 41. Bc5 Nc4 42. Rxb5 f6 43. e5 fxe5+ 44. dxe5 Rb2 45. Rxb2 Nxb2 {KB-KN} 46. Ke4 {aiming for Kd4.} Nc4 47. Be3 h5 48. g4 Kf7 49. Bd4 Nd2+ (49... g5 $16 {is a better defense.}) 50. Ke3 $18 Nc4+ 51. Kf4 Kg7 52. Bc3 Kh6 53. Bb4 hxg4 54. fxg4 g5+ 55. hxg5+ Kg6 56. Be7 Nb6 57. Ke4 (57. Bf6 {is interesting.} Nd5+ 58. Kg3 Nb4 59. Kg2 Nd3 60. Kh2) 57... Kf7 58. Bf6 Kg6 59. Kd4 {Hoping for Kc5.} Nd5 60. Kc5 ({White should try} 60. Bd8 $16) 60... Nf4 $2 (60... Ne3 $11) 61. Kd6 $16 {Strongly threatening Ke7.} Kf7 62. Kd7 (62. Bd8 $18) 62... Nd5 $2 {[%mdl 8192] [#]} (62... Ng6 $16 63. Kd6 Nf4) 63. Kd8 $2 (63. g6+ $1 $18 Kxg6 64. Kxe6 Nf4+ 65. Kd7) 63... Nf4 {Accuracy: White = 57%, Black = 55%.} (63... Ne3 $11) 1/2-1/2

[Event "Netanya International GM 2019"]
[Site "Netanya"]
[Date "2019.06.25"]
[Round "3.3"]
[White "Eljanov, Pavel"]
[Black "Dominguez Perez, Leinier"]
[Result "1/2-1/2"]
[WhiteElo "2655"]
[BlackElo "2760"]
[Annotator "TA"]
[PlyCount "56"]
[EventDate "2019.06.23"]
[EventType "tourn"]
[EventCountry "ISR"]
[SourceTitle "playchess.com"]
[Source "ChessBase"]
[SourceQuality "1"]

{[%evp 10,56,2,7,0,6,8,12,22,14,8,12,19,24,20,16,14,7,24,23,11,12,20,19,22,0,10,0,7,0,0,0,0,-2,0,-7,-4,0,6,5,9,0,0,0,0,0,0,0,0]} 1. e4 e5 2. Nf3 Nc6 3. Bc4 Bc5 4. d3 Nf6 5. Nc3 h6 6. h3 a6 {C50: Hungarian Defence and Giuoco Pianissimo} 7. a4 d6 8. Ne2 d5 $146 ({Predecessor:} 8... Ne7 9. O-O Ng6 10. c3 O-O 11. Ng3 Ba7 12. Bb3 Re8 13. Re1 Be6 14. Bxe6 Rxe6 {½-½ (26) Anton Guijarro,D (2642)-Vitiugov,N (2720) Caleta 2019}) 9. exd5 Nxd5 10. O-O O-O 11. Ng3 Be6 12. c3 Re8 13. Qc2 Nf6 (13... a5 {looks sharper.} 14. Bb5 Bd6 15. Re1 Rb8 16. Ne4 f5) 14. Bxe6 Rxe6 15. b4 {[%cal Bb2b4,Bb4b5][%mdl 32] The position is equal.} Bf8 16. Be3 Qd5 17. Rfd1 Ree8 18. Ne4 Qe6 19. b5 Na5 20. Nxf6+ Qxf6 21. c4 b6 22. Nd2 Qg6 23. c5 axb5 24. axb5 bxc5 25. Qc3 Qb6 26. Rdb1 c6 27. bxc6 Qc7 28. Bxc5 {[#] Hoping for Bb6.} Qxc6 {Accuracy: White = 69%, Black = 78%.} 1/2-1/2

[Event "Netanya International GM 2019"]
[Site "Netanya"]
[Date "2019.06.25"]
[Round "3.4"]
[White "Nabaty, Tamir"]
[Black "McShane, Luke J"]
[Result "1-0"]
[WhiteElo "2678"]
[BlackElo "2688"]
[Annotator "TA"]
[PlyCount "49"]
[EventDate "2019.06.23"]
[EventType "tourn"]
[EventCountry "ISR"]
[SourceTitle "playchess.com"]
[Source "ChessBase"]
[SourceQuality "1"]

{[%evp 9,49,16,29,23,35,10,12,7,11,12,17,20,48,41,41,45,34,43,42,44,97,93,106,74,86,72,155,159,164,137,140,135,460,451,741,727,1231,1199,6075,5557,2083,1281]} 1. d4 Nf6 2. Nf3 g6 3. Nbd2 Bg7 4. e4 d6 5. Bb5+ Nc6 (5... c6 6. Bd3 O-O 7. O-O c5 8. d5 e6 9. c4 Re8 10. Rb1 Na6 11. a3 exd5 12. exd5 Nc7 13. b3 b5 14. Qc2 Rb8 15. Bb2 Bd7 16. Bc3 Na8 17. Rfe1 Nb6 18. Rxe8+ Bxe8 19. Qc1 {½-½ (19) Dubov,D (2703)-Svidler,P (2737) St Petersburg 2018}) 6. O-O {B07: Pirc Defence: Miscellaneous Systems} Bd7 7. Qe2 $146 ({Predecessor:} 7. d5 Ne5 8. Bxd7+ Nexd7 9. Re1 O-O 10. Rb1 c6 11. c4 cxd5 12. exd5 {0-1 (47) Rossetto,H (2285)-Zarnicki,P (2550) La Plata 1997}) 7... a6 8. Bxc6 {The position is equal.} Bxc6 9. e5 Nh5 10. Nb3 dxe5 11. dxe5 Bxf3 12. Qxf3 Bxe5 13. Rd1 $36 {[%mdl 2048] White has good play.} Qc8 14. Re1 f6 (14... Bg7 $14) 15. Bh6 $16 Qf5 16. Qxb7 Rd8 17. Qc6+ Qd7 (17... Kf7 $142) 18. Qxa6 g5 {[#]} 19. Bxg5 $1 {[%mdl 512] Threatens to win with Qe2.} Rg8 (19... fxg5 20. Rxe5) 20. h4 {Hoping for Qe2.} fxg5 $2 {[%mdl 8192]} (20... Qg4 $16) 21. Rxe5 $18 {White is clearly winning.} gxh4 (21... Rg6 $142 22. Qe2 Nf4) 22. Qh6 {[%mdl 64] Double Attack} ({Weaker is} 22. Rxh5 Rxg2+ 23. Kxg2 Qg4+ 24. Kh1 Qf3+ 25. Kh2 Qxf2+ 26. Kh1 Qf3+ 27. Kh2 Qg3+ 28. Kh1 Qh3+ 29. Kg1 Qg3+ 30. Kh1 Qf3+ 31. Kh2 Qg3+ 32. Kh1 $11) 22... Ng7 23. Rae1 Kf7 24. Qf4+ Ke8 25. Qf6 {Accuracy: White = 82%, Black = 40%.} 1-0

[Event "Netanya International GM 2019"]
[Site "Netanya"]
[Date "2019.06.25"]
[Round "3.5"]
[White "Svidler, Peter"]
[Black "Dubov, Daniil"]
[Result "1/2-1/2"]
[WhiteElo "2737"]
[BlackElo "2700"]
[Annotator "TA"]
[PlyCount "42"]
[EventDate "2019.06.23"]
[EventType "tourn"]
[EventCountry "ISR"]
[SourceTitle "playchess.com"]
[Source "ChessBase"]
[SourceQuality "1"]

{[%evp 17,42,6,0,0,28,0,0,0,8,0,0,0,0,0,0,0,9,13,12,20,24,8,18,0,0,0,0]} 1. e4 c5 2. Nf3 Nc6 3. Bb5 g6 4. Bxc6 bxc6 5. O-O Bg7 6. Re1 Nh6 7. c3 O-O 8. d4 cxd4 9. cxd4 d5 10. e5 {B31: Sicilian: 2...Nc6 3 Bb5 g6} f6 11. e6 (11. Qc2 Bg4 12. Nbd2 Qb6 13. h3 fxe5 14. hxg4 Nxg4 15. Nc4 dxc4 16. Qxc4+ Kh8 17. Qe6 Rf5 {½-½ (64) Vidit,S (2707)-Gelfand,B (2695) Poikovsky 2018}) 11... Qd6 12. Qe2 c5 13. Nc3 Nf5 14. Nb5 Qb6 15. dxc5 Qxc5 16. Bf4 Ba6 17. a4 Qb4 $146 ({Predecessor:} 17... Rfd8) 18. g3 h5 19. Qd3 Rac8 {The position is equal.} ({Not} 19... Qxb2 $2 20. Reb1 $18) 20. b3 Bxb5 21. axb5 Rc3 {Accuracy: White = 71%, Black = 84%.} 1/2-1/2

[Event "Netanya International GM 2019"]
[Site "Netanya"]
[Date "2019.06.26"]
[Round "4.1"]
[White "Dominguez Perez, Leinier"]
[Black "Nabaty, Tamir"]
[Result "1-0"]
[WhiteElo "2760"]
[BlackElo "2678"]
[Annotator "TA"]
[PlyCount "119"]
[EventDate "2019.06.23"]
[EventType "tourn"]
[EventCountry "ISR"]
[SourceTitle "playchess.com"]
[Source "ChessBase"]
[SourceQuality "1"]

{[%evp 10,119,36,27,33,45,38,35,41,32,37,22,40,25,32,34,26,14,30,-25,0,0,0,-4,-14,-30,19,32,39,23,13,25,49,51,41,54,129,129,128,128,132,124,120,123,284,268,313,227,270,263,358,213,214,0,340,0,214,199,208,204,197,185,332,328,336,328,641,654,583,654,654,654,654,654,654,633,925,898,1248,1200,1195,1125,937,835,1196,1182,1060,1093,993,1154,1065,1065,1020,770,766,759,973,893,1065,978,29959,29964,29965,29961,29965,29966,29968,29963,29967,29969,29968,29970]} 1. e4 e5 2. Nf3 Nc6 3. Bb5 a6 4. Ba4 Bc5 5. c3 Nge7 6. O-O Ng6 {C64: Ruy Lopez: Classical Defence (3...Bc5) except 4 0-0 Nf6} 7. d4 Ba7 8. Bg5 f6 {White is slightly better.} 9. Be3 O-O 10. Re1 d6 11. Nbd2 Kh8 12. h3 exd4 $146 ({Predecessor:} 12... Qe7 13. Nf1 Nf4 14. Ng3 {0-1 (34) Demianjuk,A (2317)-Rodin,M (2365) Zvenigorod 2008}) 13. Nxd4 Nxd4 14. Bxd4 (14. cxd4 $142 f5 15. Nf3) 14... f5 15. Bxa7 Rxa7 16. Nf3 {White wants to play e5.} fxe4 17. Rxe4 Bf5 18. Re3 b5 19. Bb3 c5 20. a4 {Hoping for axb5.} c4 21. Qd4 Raf7 22. Bd1 d5 (22... h6 $14) 23. axb5 $16 axb5 24. Ne5 $36 {[%mdl 2048] White is in control.} Nxe5 25. Rxe5 Be4 26. f3 Rf4 $2 (26... Bd3 $16 {was called for.}) 27. fxe4 $18 Rf1+ 28. Kh2 Qb8 29. Qxd5 (29. exd5 R1f4 $15) 29... g6 {intending ...Re8.} 30. Qd4 (30. Qxb5 $142 Qd6 31. Qd5) 30... Kg8 31. Qd5+ (31. Ra5 $142 Rxd1 32. Raxb5 (32. Qxd1 Qxe5+ {[%mdl 64] Double Attack} 33. Kg1 Qxe4 $16) 32... Rxd4 33. Rxb8 Rxb8 34. cxd4) 31... Kh8 32. Qd4 {[#] Strongly threatening Ra8!} Kg8 $1 33. Ra5 Rxd1 34. Raxb5 ({Don't play} 34. Qxd1 $6 Qxe5+ 35. Kg1 Qxe4 $16) 34... Rxd4 35. Rxb8 Rxb8 (35... Rd2 $142 36. Rxf8+ Kxf8) 36. cxd4 Rxb2 {[%mdl 4096] Endgame KR-KR} 37. Rc5 Rb4 $2 (37... Re2 38. e5 (38. Rxc4 Rxe4 39. Kg3 Re2 $16) 38... Rc2) 38. d5 c3 39. e5 Rd4 40. d6 Kf7 41. Rxc3 Ke6 42. Re3 g5 43. Kg3 h5 44. Kf3 Rd2 45. Re2 Rd3+ {[#]} 46. Kf2 $1 Rd1 47. Re3 Rd2+ 48. Ke1 Rd4 49. Ke2 Rd5 50. Re4 Ra5 51. Kf3 Rd5 52. Ke3 Ra5 53. Kd2 Rc5 54. Rd4 {Threatening mate with d7.} Rc8 55. d7 {White mates.} Rd8 56. Kd3 Kxe5 57. Kc4 Ke6 58. Kc5 Rxd7 59. Rxd7 Kxd7 60. Kd5 {Accuracy: White = 83%, Black = 52%.} 1-0

[Event "Netanya International GM 2019"]
[Site "Netanya"]
[Date "2019.06.26"]
[Round "4.2"]
[White "McShane, Luke J"]
[Black "Smirin, Ilia"]
[Result "1/2-1/2"]
[WhiteElo "2688"]
[BlackElo "2594"]
[Annotator "RC"]
[PlyCount "95"]
[EventDate "2019.06.23"]
[EventType "tourn"]
[EventCountry "ISR"]
[SourceTitle "playchess.com"]
[Source "ChessBase"]
[SourceQuality "1"]
[TimeControl "40/5400+30:1800+30"]

1. e4 {[%emt 0:00:00]} c5 {[%emt 0:00:00]} 2. Nf3 {[%emt 0:00:00]} e6 {[%emt 0:00:00]} 3. g3 {[%emt 0:00:00]} d5 {[%emt 0:00:34]} 4. exd5 {[%emt 0:00:00]} exd5 {[%emt 0:00:05]} 5. d4 {[%emt 0:00:00]} Nc6 {[%emt 0:00:28]} 6. Bg2 {[%emt 0:00:21]} Nf6 {[%emt 0:00:27]} 7. O-O {[%emt 0:00:20]} Be7 {[%emt 0:00:08]} 8. dxc5 {[%emt 0:07:36]} Bxc5 {[%emt 0:00:21]} 9. a3 {[%emt 0:01:20]} O-O {[%emt 0:01:10]} 10. Nc3 {[%emt 0:00:05]} Re8 {[%emt 0:00:43]} 11. b4 {[%emt 0:04:28]} d4 {[%emt 0:01:11]} 12. Na4 {[%emt 0:14:05]} Bf8 {[%emt 0:00:39]} 13. c4 {[%emt 0:07:25]} dxc3 {[%emt 0:09:28]} 14. Nxc3 {[%emt 0:03:07]} Bg4 {[%emt 0:07:08]} 15. Be3 {[%emt 0:23:39]} Qc8 {[%emt 0:04:38]} 16. Qb3 {[%emt 0:05:19]} Be6 {[%emt 0:03:51]} 17. Qb2 {[%emt 0:01:03]} Bh3 {[%emt 0:00:39]} 18. Rfd1 {[%emt 0:06:18]} Bxg2 {[%emt 0:05:59]} 19. Kxg2 {[%emt 0:00:03]} Qf5 {[%emt 0:00:41]} 20. h3 {[%emt 0:03:41]} Rac8 {[%emt 0:05:49]} 21. Qb3 {[%emt 0:02:45]} Rxe3 {[%emt 0:08:30]} 22. fxe3 {[%emt 0:01:12]} Ne5 {[%emt 0:00:14]} 23. Nxe5 {[%emt 0:10:06]} Qxe5 {[%emt 0:00:24]} 24. Rac1 {[%emt 0:01:03]} Qxe3 {[%emt 0:12:29]} 25. Qb2 {[%emt 0:03:19]} Nh5 {[%emt 0:01:29]} 26. Ne2 {[%emt 0:00:03]} Re8 {[%emt 0:01:37]} 27. Rd2 {[%emt 0:03:53]} Qe4+ {[%emt 0:06:29]} 28. Kh2 {[%emt 0:00:04]} g6 {[%emt 0:02:25]} 29. Rf1 {[%emt 0:00:29]} Bh6 {[%emt 0:01:29]} 30. Rc2 {[%emt 0:01:13]} Qd3 {[%emt 0:00:27]} 31. Qa2 {[%emt 0:00:17]} Rxe2+ {[%emt 0:01:21]} 32. Rxe2 {[%emt 0:00:18]} Qxg3+ {[%emt 0:00:06]} 33. Kh1 {[%emt 0:00:02]} Qxh3+ {[%emt 0:00:49]} 34. Kg1 {[%emt 0:00:02]} Qg3+ {[%emt 0:03:16]} 35. Kh1 {[%emt 0:00:27]} Qh3+ {[%emt 0:01:39]} 36. Kg1 {[%emt 0:00:03]} Be3+ {[%emt 0:00:04]} 37. Rxe3 {[%emt 0:00:10]} Qxe3+ {[%emt 0:00:05]} 38. Qf2 {[%emt 0:00:03]} Qg5+ {[%emt 0:01:56]} 39. Kh2 {[%emt 0:00:09]} Qe7 {[%emt 0:06:40]} 40. Qxa7 {[%emt 0:00:00]} Qe5+ {[%emt 0:00:00]} 41. Kg1 {[%emt 0:02:03]} Nf4 {[%emt 0:12:48]} 42. Rxf4 {[%emt 0:10:45]} Qxf4 {[%emt 0:00:46]} 43. Qxb7 {[%emt 0:00:12]} h5 {[%emt 0:04:14]} 44. b5 {[%emt 0:01:25]} h4 {[%emt 0:01:06]} 45. b6 {[%emt 0:02:31]} Qe3+ {[%emt 0:03:28]} 46. Kh2 {[%emt 0:04:01]} Qf2+ {[%emt 0:04:27]} 47. Kh1 {[%emt 0:00:35]} Qf1+ {[%emt 0:00:14]} 48. Kh2 {[%emt 0:00:04]} 1/2-1/2

[Event "Netanya International GM 2019"]
[Site "Netanya"]
[Date "2019.06.26"]
[Round "4.3"]
[White "Svidler, Peter"]
[Black "Rodshtein, Maxim"]
[Result "0-1"]
[WhiteElo "2737"]
[BlackElo "2685"]
[Annotator "TA"]
[PlyCount "76"]
[EventDate "2019.06.23"]
[EventType "tourn"]
[EventCountry "ISR"]
[SourceTitle "playchess.com"]
[Source "ChessBase"]
[SourceQuality "1"]

{[%evp 10,76,43,16,0,0,0,0,0,0,18,-25,-22,-15,25,-3,0,0,0,0,0,-43,-47,-83,-68,-66,-21,-36,-8,-48,-51,-56,-50,-107,-38,-60,-55,-55,-49,-75,-86,-112,-100,-103,-98,-152,-154,-177,-180,-191,-118,-141,-66,-215,-215,-215,-208,-216,-185,-383,-393,-466,-472,-567,-553,-562,-552,-541,-539]} 1. c4 c6 2. Nf3 d5 3. g3 Nf6 4. Bg2 dxc4 5. O-O Nbd7 6. Qc2 {[%mdl 1024] White has compensation.} Nb6 {A11: English Opening: 1...c6} 7. a4 (7. Na3 Be6 8. Ng5 Qd7 9. b3 cxb3 10. axb3 g6 11. Nc4 Nxc4 12. bxc4 Bg7 13. Rb1 O-O 14. Nxe6 Qxe6 15. d4 {1-0 (36) Shimanov,A (2641)-Akobian,V (2647) chess.com INT 2018}) 7... a5 8. Na3 Be6 {The position is equal.} 9. Ne5 {[%cal Ra3c4]} g6 10. d3 $146 ({Predecessor:} 10. Naxc4 Nxc4 11. Nxc4 Bg7 12. d3 Nd5 13. Bd2 O-O 14. Rfc1 {0-1 (45) Zaragatski,I (2474)-Michiels,B (2502) Netherlands 2012}) 10... cxd3 11. Nxd3 Bg7 12. Nc5 Qc8 {[#]} 13. Nxb7 $1 {[%mdl 512]} Nfd5 (13... Qxb7 14. Bxc6+) 14. Nc5 Nb4 $36 {[%mdl 2048] Black is more active.} 15. Qe4 Bd5 16. Qe3 h5 17. Ne4 {Hoping for Nd6+.} Qb8 18. Nc3 Be6 (18... e6 {is more complex.} 19. Nxd5 cxd5 20. Qb3 Qe5 21. Qe3 Qxe3 22. Bxe3 Rb8) 19. Qe4 N6d5 20. Bg5 O-O 21. Rac1 ({Better is} 21. Nxd5 $15 Bxd5 22. Qe3) 21... Re8 (21... Nxc3 $17 22. bxc3 Na2) 22. Nd1 Nb6 23. Nc3 Bb3 24. Bf4 e5 25. Be3 f5 26. Qh4 e4 27. Qg5 (27. h3 $142) 27... Re6 $17 28. f3 exf3 ({Not} 28... Nxa4 29. fxe4 Qd8 30. Qxd8+ (30. exf5 gxf5 31. Qxd8+ Rxd8 $11) 30... Rxd8 31. Bg5 $11) 29. Bxf3 N4d5 ({Black should try} 29... Nd7 $19 30. Nab1 Ne5) 30. Nxd5 Bxd5 (30... Nxd5 $17 31. Bc5 Bxb2) 31. b3 {[#]} (31. Nc2 $1 $15) 31... Bxf3 $1 $19 32. Rxf3 Nd5 {[%cal Bb6d5,Bd5f6,Bf6e4][%mdl 32]} 33. Bc5 Qe8 34. Rf2 $2 (34. Nc4) 34... Nf6 35. Qf4 Ne4 {Black is clearly winning.} 36. Rf3 Be5 37. Qe3 Nxc5 38. Qxc5 Bd6 {[%mdl 64] Discovered Attack. Accuracy: White = 31%, Black = 65%.} 0-1

[Event "Netanya International GM 2019"]
[Site "Netanya"]
[Date "2019.06.26"]
[Round "4.4"]
[White "Dubov, Daniil"]
[Black "Postny, Evgeny"]
[Result "1-0"]
[WhiteElo "2700"]
[BlackElo "2601"]
[Annotator "TA"]
[PlyCount "69"]
[EventDate "2019.06.23"]
[EventType "tourn"]
[EventCountry "ISR"]
[SourceTitle "playchess.com"]
[Source "ChessBase"]
[SourceQuality "1"]

{[%evp 16,75,20,16,51,0,0,0,0,-6,-7,-8,14,15,26,19,25,23,89,98,92,80,106,84,115,139,260,250,252,258,238,238,239,244,240,235,273,272,273,271,383,390,529,529,680,511,511,511,504,504,504,500,529,258,242,0,521,521,514,496,1694,485]} 1. d4 d5 2. c4 dxc4 3. e4 e5 4. Nf3 Bb4+ 5. Bd2 Bxd2+ 6. Nbxd2 exd4 7. Bxc4 Nc6 8. O-O Qf6 9. b4 {[%cal Bb2b4,Bb4b5][%mdl 32]} a6 {D20: Queen's Gambit Accepted: 3 e3 and 3 e4} 10. e5 (10. Qa4 $14) (10. a4 Nge7 11. b5 axb5 12. axb5 Rxa1 13. Qxa1 Ne5 14. Nxe5 Qxe5 15. Nf3 Qc5 16. Rc1 Qb6 17. Qxd4 Qxd4 18. Nxd4 {½-½ (68) Paravyan,D (2634)-Moiseenko,V (2501) St Petersburg 2018}) 10... Qg6 $11 11. a4 Nge7 {The position is equal.} 12. b5 Na5 13. Ba2 $146 ({Predecessor:} 13. Nxd4 Nxc4 14. Nxc4 O-O 15. b6 Be6 16. Ne3 cxb6 17. Qb1 Rad8 18. Qxb6 Nd5 19. Nxd5 Bxd5 {½-½ (19) Shishkin,V (2473)-Moldovan,D (2444) Bucharest 2003}) 13... O-O 14. Rc1 $36 {[%mdl 2048] White is pushing.} Qb6 15. Ne4 ({Reject} 15. Qc2 axb5 16. axb5 c6 $15) 15... axb5 16. axb5 Be6 (16... Qxb5 $11 {remains equal.} 17. e6 fxe6) 17. Bxe6 $16 Qxe6 18. Rxc7 {Hoping for Neg5.} Nd5 19. Rc5 {[%cal Bc7c5,Bc5d5,Bd5d6][%mdl 32] Threatens to win with Neg5.} Rad8 {[#]} 20. Nd6 $1 ({Don't play} 20. Nxd4 $6 Qxe5 21. Re1 b6 $11) 20... b6 (20... d3 $16) 21. Nxd4 $18 Qxe5 {[#]} 22. Nc6 $1 {[%cal Rc6e5]} Nxc6 ({But not} 22... Qxd6 $2 23. Rxd5 Qxd5 24. Ne7+ Kh8 25. Nxd5 $18) 23. Rxd5 Rxd6 24. Rxd6 Qxb5 25. Re1 Qc5 26. h4 h6 27. h5 b5 (27... Qc4 $142 28. Qd2 Qb5) 28. Qd2 Na5 29. Rd8 Nc4 30. Qd7 Rxd8 31. Qxd8+ {[%mdl 4096] Endgame KQR-KQN} Kh7 32. Qd3+ f5 33. Re6 {Qg3 is the strong threat.} Nb2 34. Qd2 (34. Qf3 $142 b4 35. g4) 34... Nc4 35. Qc2 {Played: Qd2-d3} 1-0

[Event "Netanya International GM 2019"]
[Site "Netanya"]
[Date "2019.06.26"]
[Round "4.5"]
[White "Gelfand, Boris"]
[Black "Eljanov, Pavel"]
[Result "1/2-1/2"]
[WhiteElo "2676"]
[BlackElo "2655"]
[Annotator "TA"]
[PlyCount "57"]
[EventDate "2019.06.23"]
[EventType "tourn"]
[EventCountry "ISR"]
[SourceTitle "playchess.com"]
[Source "ChessBase"]
[SourceQuality "1"]

{[%evp 15,57,11,21,18,25,20,25,24,21,34,25,24,34,29,35,33,38,36,16,30,35,0,0,0,0,0,0,3,7,0,0,0,3,3,0,0,0,0,2,5,9,6,0,0]} 1. Nf3 Nf6 2. c4 b6 3. g3 Bb7 4. Bg2 e6 5. O-O Be7 6. d4 O-O 7. Nc3 Ne4 8. Bd2 f5 9. Ne5 {E18: Queen's Indian: Old Main Line (4 g3 Bb7 5 Bg2 Be7 6 0-0 0-0 7 Nc3)} Bf6 10. Qc2 {[%cal Rc3e4]} (10. Nxe4 Bxe4 11. Bc3 Bxg2 12. Kxg2 d5 13. cxd5 Qxd5+ 14. Nf3 {½-½ (14) Berkes,F (2661)-Abasov,N (2629) Hungary 2019}) 10... Nxc3 11. Bxc3 {White has an edge.} ({Don't play} 11. bxc3 Bxg2 12. Kxg2 Bxe5 $17) 11... Bxg2 12. Kxg2 d5 13. Rfd1 $146 ({Predecessor:} 13. cxd5 Qxd5+ 14. f3 Bxe5 15. dxe5 Nc6 16. Rfd1 Qc4 {½-½ (56) Ladva,O (2510)-Meskovs,N (2489) Parnu 2016}) 13... dxc4 14. Bb4 Re8 15. Qxc4 Qd5+ 16. Qxd5 exd5 17. f4 Na6 18. Ba3 (18. Bc3 {feels hotter.} c6 19. b4 Bxe5 20. dxe5 Red8 21. Rac1) 18... c5 {The position is equal.} 19. dxc5 Bxe5 20. fxe5 Rxe5 21. cxb6 axb6 22. Kf1 Nc5 23. Rac1 g6 24. Rd4 Kf7 25. Rb4 Re6 26. Rb5 Rc6 27. Bxc5 Rxc5 28. Rcxc5 bxc5 29. Rxc5 {Accuracy: White = 74%, Black = 79%.} 1/2-1/2